Electronics : (Record no. 181684)
[ view plain ]
| 000 -LEADER | |
|---|---|
| fixed length control field | 00955 a2200217 4500 |
| 003 - CONTROL NUMBER IDENTIFIER | |
| control field | Nust |
| 005 - DATE AND TIME OF LATEST TRANSACTION | |
| control field | 20221121095520.0 |
| 010 ## - LIBRARY OF CONGRESS CONTROL NUMBER | |
| LC control number | 87002738 |
| 020 ## - INTERNATIONAL STANDARD BOOK NUMBER | |
| International Standard Book Number | 0582215838 |
| 040 ## - CATALOGING SOURCE | |
| Transcribing agency | Nust |
| 082 00 - DEWEY DECIMAL CLASSIFICATION NUMBER | |
| Classification number | 621.381,MAD |
| 100 1# - MAIN ENTRY--PERSONAL NAME | |
| Personal name | Maddock, R. J. |
| 9 (RLIN) | 20194 |
| 245 10 - TITLE STATEMENT | |
| Title | Electronics : |
| Remainder of title | for engineers / |
| Statement of responsibility, etc. | R.J. Maddock, D.M. Calcutt. |
| 250 ## - EDITION STATEMENT | |
| Edition statement | 2nd ed. / |
| 260 ## - PUBLICATION, DISTRIBUTION, ETC. | |
| Place of publication, distribution, etc. | Burnt Mill, Harlow, Essex, England : |
| Name of publisher, distributor, etc. | Longman Scientific & Technical ; |
| Place of publication, distribution, etc. | New York : |
| Name of publisher, distributor, etc. | Wiley, |
| Date of publication, distribution, etc. | 1988. |
| 300 ## - PHYSICAL DESCRIPTION | |
| Extent | vii, 678 p. : |
| Other physical details | ill. ; |
| Dimensions | 25 cm. |
| 505 ## - FORMATTED CONTENTS NOTE | |
| Formatted contents note | Introduction (Page-1), Description of Components and Devices (Page-28), Techniques of Analysis 76v Digital Circuits (Page-200), Analog Circuits (Page-360), Waveform Generation and Conversion (Page-560), Analogue and Digital Conversion (Page-598), Power Supplies (Page-632), Controlled Rectifier Systems (Page-669). |
| 650 #0 - SUBJECT ADDED ENTRY--TOPICAL TERM | |
| Topical term or geographic name entry element | Telecommunication Engineering |
| 700 1# - ADDED ENTRY--PERSONAL NAME | |
| Personal name | Calcutt, D. M., |
| Dates associated with a name | 1935- |
| 9 (RLIN) | 103231 |
| 942 ## - ADDED ENTRY ELEMENTS (KOHA) | |
| Source of classification or shelving scheme | |
| Koha item type | Book |
| Withdrawn status | Lost status | Source of classification or shelving scheme | Damaged status | Not for loan | Permanent Location | Current Location | Shelving location | Date acquired | Full call number | Barcode | Date last seen | Price effective from | Koha item type | Public note |
|---|---|---|---|---|---|---|---|---|---|---|---|---|---|---|
| Military College of Signals (MCS) | Military College of Signals (MCS) | General Stacks | 12/12/2016 | 621.381,MAD | MCS28611 | 12/08/2016 | 12/12/2016 | Book | Almirah No.31, Shelf No.3 |
